000 00924 a2200277 4500
003 OSt
005 20180116192351.0
008 120605t xxu||||| |||| 00| 0 eng d
010 _a 2006283825
020 _a0714845477 (hbk.)
020 _a9780714845470
035 _a(OCoLC)ocm62133056
040 _c0
082 0 4 _a745.4092
100 1 _aMoos, Stanislaus von.
_93867
245 1 0 _aMax Huber /
_cStanislaus von Moos, Mara Campana, Giampiero Bosoni.
260 _aLondon :
_aNew York :
_bPhaidon,
_c2006.
300 _a232 p. :
_bill. (chiefly col.) ;
_c30 cm.
600 1 0 _aHuber, Max,
_d1919-
_xCriticism and interpretation.
_93868
650 1 0 _aInvestments.
_xArchitecture
_93869
650 1 0 _aTextile industry .
_93870
700 1 _aCampana, Mara.
_93871
700 1 _aBosoni, Giampiero.
_93872
942 _aSADA
_cBK
_k745.4092 MOO 2006
_2ddc
999 _c352923
_d352923